| 000 | 01242cam a2200241 4500 | ||
|---|---|---|---|
| 001 | ABS66444 | ||
| 008 | 030303n2003 000 0 eng u | ||
| 035 | _a(Sirsi) u121479 | ||
| 100 | _aRichards, M. | ||
| 245 | _aClickstart! | ||
| 260 | _c2003 | ||
| 490 |
_aBuilding _v258(8268) 31 January 2003, 43-45(3) |
||
| 520 | _aReviews the latest survey of contractors' websites which reveals that with a few exceptions the industry is failing to use the technology to its advantage. Points out that other areas like the service sector use the technology much more effectively. Argues that senior management is too often a barrier to more progress in this area. Highlights the few companies such as HBG which have websites that are highly rated and argues that this is often down to the fact that the look and content of the company's UK home page match with the multinational's other websites. With details of good aspects for company websites and a league table of the top 50 sites. | ||
| 590 | _aABS | ||
| 650 | _aINTERNET PORTALS | ||
| 650 | _aWEB SITES | ||
| 650 | _aSERVICE SECTOR | ||
| 650 | _aHBG | ||
| 650 | _aINTERNET MARKETING | ||
| 650 | _aBUILDING CONTRACTORS | ||
| 690 | _aINFORMATION TECHNOLOGY-INTERNET | ||
| 942 | _n0 | ||
| 999 |
_c72192 _d72192 |
||